000 00688cam a22002533a 4500
001 30271
003 PGUSA
005 20140828083644.0
008 091016s2009||||xxu|||||s|||||000 | eng d
040 _aPGUSA
_beng
042 _adc
050 4 _aPR
100 1 _aMurphy, Arthur,
_d1727-1805
245 1 4 _aThe Grecian Daughter
_h[electronic resource] /
_cArthur Murphy
260 _bProject Gutenberg,
_c2009
506 _aPublic domain in the USA.
516 _aElectronic text
653 _aEnglish drama
653 _aTragedies
700 1 _aInchbald,
_cMrs,
_d1753-1821
830 0 _aProject Gutenberg
_v30271
856 4 0 _uhttp://www.gutenberg.org/ebooks/30271
942 _cEB
999 _c259526
_d259526